000 00333nam a2200133Ia 4500
008 240624s9999 xx 000 0 und d
041 _aeng
082 _a659.1 CHA
100 _aCHAUDHURI ARUN
245 _aINDIAN ADVERTISING LAUGHTER AND TEARS
260 _c2014
_aNew Delhi
_bNiyogi Books
300 _a388 : p.
365 _cRS
_b25
999 _c24042
_d24042